| 000 | 00983cam a22003137i 4500 | ||
|---|---|---|---|
| 001 | 19284598 | ||
| 003 | OSt | ||
| 005 | 20250901165814.0 | ||
| 008 | 160922s2015 ke a 000 1 swa | ||
| 010 | _a 2015333838 | ||
| 020 | _a9789966068347 | ||
| 040 |
_aDLC _beng _cDLC _erda |
||
| 042 | _alcode | ||
| 050 | 0 | 0 | _aPL 8704 .M36 2015 |
| 245 | 0 | 0 |
_aSafari ya ahadi na hadithi nyingine / _cJeff Mandila na Ben Mkota (Wahariri). |
| 264 | 1 |
_aNairobi, Kenya : _bOne Planet Publishing & Media Services Limited, _c2015. |
|
| 300 |
_a184 pages : _billustrations ; _c21 cm. |
||
| 336 |
_atext _2rdacontent |
||
| 337 |
_aunmediated _2rdamedia |
||
| 338 |
_avolume _2rdacarrier |
||
| 490 | 0 | _aFasihi tambuzi ya Kiafrika : hadithi fupi | |
| 520 | _aShort stories. | ||
| 546 | _aIn Swahili. | ||
| 700 | 1 |
_aMandila, Jeff, _d1985- |
|
| 700 | 1 | _aMkota, Ben. | |
| 906 |
_a7 _bcbc _corigode _d4 _encip _f20 _gy-gencatlg |
||
| 942 |
_2lcc _cBK |
||
| 999 |
_c9453 _d9453 |
||